000 00665nam a2200217Ia 4500
999 _c50355
_d50355
001 17296
003 GE_BSU
005 20200212141653.0
008 181216s2007 xx |||||||||||||| ||eng||
020 _a978020301283
040 _cGE_BSU
080 _a624.1/5 A-90
100 _aAtkinson, John
_97002
245 4 _aThe mechanics of soils and foundations /
_cJohn Atkinson.
264 _aLondon ; New York :
_bTaylor & Francis,
_c2007.
300 _axxxi, 442 p,
_bll .:
_c25 cm.
653 _aSoil mechanics. Foundations. Slopes (Soil mechanics)
653 _aThe mechanics of soils and foundations
653 _aინჟინერია
942 _cBK
_2udc